[Event "Bunratty Masters 2013"]
[Site "Bunratty IRL"]
[Date "2013.03.03"]
[Round "5"]
[White "Moran, Stephen"]
[Black "Thee, Bernd"]
[Result "1-0"]
[WhiteElo "2019"]
[BlackElo "2096"]
[WhiteICU "1970"]
[BlackICU "1763"]
[WhiteClub "T.C.D."]
[BlackClub "Adare"]
[WhiteNationality "IRL"]
[BlackNationality "IRL"]
[WhiteFideId "2501872"]
[BlackFideId "2505630"]
[WhiteICUId "5388"]
[BlackICUId "2823"]
[PlyCount "89"]
[Venue "Bunratty Castle Hotel, Bunratty, Co. Clare"]
[EventDate "2013.03.01"]

{ Event information: <a
href="https://www.irlchess.com/bunratty2013_allfiles/pairings_bunratty2013.html">Tournament
report</a>. }

1. d4 d5 2. c4 e6 3. Nc3 c5 4. cxd5 cxd4 5. Qa4+ Bd7 6. Qxd4 exd5 7. Qxd5
Nc6 8. Nf3 Nf6 9. Qd1 Bf5 10. Qxd8+ Rxd8 11. a3 Na5 12. Bg5 Be7 13. e3 O-O
14. Be2 h6 15. Bh4 g5 16. Bg3 Ne4 17. Bc7 Nb3 18. Bxd8 Bxd8 19. Rd1 Ba5 20.
Bc4 Nxc3 21. bxc3 Bxc3+ 22. Ke2 Na5 23. Bd5 Bd7 24. Nd4 Nc6 25. Nxc6 bxc6
26. Bc4 Bf5 27. Bd3 Be6 28. Rc1 Bb2 29. Rxc6 Bxa3 30. Ra1 Bd5 31. Rc7 Bd6
32. Rd7 Be5 33. Ra5 Be6 34. Rdxa7 Bg7 35. Ra8 Bc3 36. Rxf8+ Kxf8 37. Rc5
Bb4 38. Rc2 Bd6 39. h3 Kg7 40. Bc4 Bf5 41. Ra2 Bg6 42. Ra6 Be5 43. Bd3 f5
44. g4 Bf6 45. Bxf5 1-0

[Event "Bunratty Masters 2013"]
[Site "Bunratty IRL"]
[Date "2013.03.03"]
[Round "5"]
[White "Murchadha, Oissine"]
[Black "Pearson, Ray"]
[Result "1-0"]
[WhiteElo "1855"]
[BlackElo "1926"]
[WhiteICU "1935"]
[WhiteClub "Galway"]
[WhiteNationality "IRL"]
[BlackNationality "WLS"]
[WhiteFideId "2503603"]
[BlackFideId "1803018"]
[WhiteICUId "6722"]
[PlyCount "97"]
[Venue "Bunratty Castle Hotel, Bunratty, Co. Clare"]
[EventDate "2013.03.01"]

{ Event information: <a
href="https://www.irlchess.com/bunratty2013_allfiles/pairings_bunratty2013.html">Tournament
report</a>. }

1. e4 c5 2. Nf3 d6 3. d4 cxd4 4. Nxd4 Nf6 5. Nc3 g6 6. Be3 Bg7 7. f3 O-O 8.
Qd2 Nc6 9. O-O-O d5 10. Qe1 e5 11. Nxc6 bxc6 12. exd5 Nxd5 13. Bc4 Be6 14.
Ne4 Qc7 15. Bc5 Rfd8 16. Qh4 Rab8 17. Bb3 h6 18. g4 a5 19. a4 Rxb3 20. cxb3
g5 21. Qf2 f5 22. gxf5 Bxf5 23. Rhe1 Qb8 24. Kc2 Nb4+ 25. Bxb4 Rxd1 26.
Rxd1 Qxb4 27. Qe2 g4 28. Qc4+ Qxc4+ 29. bxc4 gxf3 30. Kd3 h5 31. Rf1 Bg4
32. h3 Bxh3 33. Rxf3 Bg2 34. Rg3 Bf1+ 35. Kc3 h4 36. Rg1 Be2 37. Rh1 Bf3
38. Rxh4 Bd1 39. b4 axb4+ 40. Kxb4 Bf8+ 41. c5 Be2 42. Ka5 Be7 43. Rh6 Bf3
44. Nd6 e4 45. Re6 Kf8 46. Kb6 Bd8+ 47. Kb7 Ba5 48. Nxe4 Bd1 49. Rxc6 1-0

[Event "Bunratty Masters 2013"]
[Site "Bunratty IRL"]
[Date "2013.03.03"]
[Round "5"]
[White "Steil-Antoni, Fiona"]
[Black "Pein, Malcolm"]
[Result "0-1"]
[WhiteTitle "WIM"]
[BlackTitle "IM"]
[WhiteElo "2152"]
[BlackElo "2378"]
[WhiteNationality "LUX"]
[BlackNationality "ENG"]
[WhiteFideId "4001249"]
[BlackFideId "400289"]
[PlyCount "68"]
[Venue "Bunratty Castle Hotel, Bunratty, Co. Clare"]
[EventDate "2013.03.01"]

{ Event information: <a
href="https://www.irlchess.com/bunratty2013_allfiles/pairings_bunratty2013.html">Tournament
report</a>. }

1. e4 e5 2. Nf3 Nc6 3. Bc4 Bc5 4. c3 Nf6 5. d3 a6 6. Bb3 Ba7 7. O-O d6 8.
Re1 Qe7 9. Nbd2 g5 10. Nf1 g4 11. N3d2 h5 12. Nc4 h4 13. Be3 Bxe3 14. Ncxe3
Bd7 15. d4 O-O-O 16. d5 Nb8 17. Bc2 Rdg8 18. b4 Nh5 19. g3 Qg5 20. a4 Nf4
21. gxf4 exf4 22. Nf5 g3 23. fxg3 Bxf5 24. exf5 hxg3 25. hxg3 fxg3 26. Ne3
g2 27. Kf2 g1=Q+ 28. Rxg1 Rh2+ 29. Ng2 Rxg2+ 30. Rxg2 Qxg2+ 31. Ke3 Rg3+
32. Kd4 Rg4+ 33. Kd3 Qe4+ 34. Kd2 Qf4+ 0-1

[Event "Bunratty Masters 2013"]
[Site "Bunratty IRL"]
[Date "2013.03.03"]
[Round "5"]
[White "Trent, Lawrence"]
[Black "Van der Zwet, Bart"]
[Result "1/2-1/2"]
[WhiteTitle "IM"]
[WhiteElo "2427"]
[BlackElo "2085"]
[WhiteNationality "ENG"]
[BlackNationality "NED"]
[WhiteFideId "408638"]
[BlackFideId "1004204"]
[PlyCount "73"]
[Venue "Bunratty Castle Hotel, Bunratty, Co. Clare"]
[EventDate "2013.03.01"]
[BlackFullName "van der Zwet, Bart"]

{ Event information: <a
href="https://www.irlchess.com/bunratty2013_allfiles/pairings_bunratty2013.html">Tournament
report</a>. }

1. e4 e6 2. d4 d5 3. Nd2 Nf6 4. Bd3 c5 5. c3 Nc6 6. Ngf3 cxd4 7. cxd4 Bb4
8. e5 Ne4 9. O-O f5 10. exf6 Nxf6 11. Nb3 O-O 12. Bg5 Qe8 13. Ne5 Bd6 14.
Re1 Nd8 15. Re3 Qh5 16. Qxh5 Nxh5 17. Bxd8 Rxd8 18. Bxh7+ Kxh7 19. Rh3 g6
20. g4 Rf8 21. gxh5 g5 22. Re1 Rf4 23. Rc3 b6 24. Rc6 Bxe5 25. Rxe5 Kh6 26.
h3 Kxh5 27. Rc7 Kg6 28. Kg2 Kf6 29. Re3 Ba6 30. Rh7 Rh4 31. Rf3+ Rf4 32.
Rxf4+ gxf4 33. Kf3 Bd3 34. Rh4 Be4+ 35. Kxf4 Rc8 36. Nd2 Bf5 37. b3 1/2-1/2

[Event "Bunratty Masters 2013"]
[Site "Bunratty IRL"]
[Date "2013.03.03"]
[Round "5"]
[White "Wolferink, Frans"]
[Black "Wall, Gavin"]
[Result "0-1"]
[BlackTitle "IM"]
[WhiteElo "2077"]
[BlackElo "2340"]
[BlackICU "2320"]
[BlackClub "Richmond (&c.) ENG"]
[WhiteNationality "NED"]
[BlackNationality "IRL"]
[WhiteFideId "1003917"]
[BlackFideId "2501244"]
[BlackICUId "5441"]
[PlyCount "56"]
[Venue "Bunratty Castle Hotel, Bunratty, Co. Clare"]
[EventDate "2013.03.01"]

{ Event information: <a
href="https://www.irlchess.com/bunratty2013_allfiles/pairings_bunratty2013.html">Tournament
report</a>. }

1. e4 e5 2. Nf3 d6 3. Bc4 Be7 4. O-O Nf6 5. Qe2 O-O 6. c3 Nc6 7. h3 Be6 8.
Bxe6 fxe6 9. d3 Nh5 10. Ng5 Bxg5 11. Qxh5 Bxc1 12. Rxc1 Rf4 13. g3 Rf6 14.
Qh4 Qf8 15. Rf1 Qf7 16. Nd2 Rf8 17. f3 Ne7 18. Rae1 Ng6 19. Qh5 Qd7 20. a3
Nf4 21. gxf4 Rh6 22. Qxh6 gxh6 23. fxe5 dxe5 24. Re3 Qe7 25. Rf2 Rd8 26. f4
Kh8 27. Nc4 exf4 28. Rxf4 b5 0-1

[Event "Bunratty Masters 2013"]
[Site "Bunratty IRL"]
[Date "2013.03.03"]
[Round "6"]
[White "Annesley, Gareth"]
[Black "Steil-Antoni, Fiona"]
[Result "0-1"]
[BlackTitle "WIM"]
[WhiteElo "1925"]
[BlackElo "2152"]
[WhiteClub "Mallusk"]
[WhiteNationality "IRL"]
[BlackNationality "LUX"]
[WhiteFideId "2505762"]
[BlackFideId "4001249"]
[PlyCount "108"]
[Venue "Bunratty Castle Hotel, Bunratty, Co. Clare"]
[EventDate "2013.03.01"]

{ Event information: <a
href="https://www.irlchess.com/bunratty2013_allfiles/pairings_bunratty2013.html">Tournament
report</a>. }

1. e4 e5 2. Nf3 Nc6 3. Bb5 Nd4 4. Nxd4 exd4 5. d3 Bc5 6. O-O c6 7. Bc4 d5
8. exd5 cxd5 9. Bb3 Ne7 10. c4 O-O 11. Nd2 Be6 12. cxd5 Bxd5 13. Bxd5 Qxd5
14. Ne4 Rac8 15. Bd2 Ng6 16. Qf3 Kh8 17. Qh3 Be7 18. f4 f5 19. Ng5 Bxg5 20.
fxg5 a5 21. b3 Rc2 22. Rf2 f4 23. Qh5 Qf5 24. Qf3 b6 25. Qe4 Qxe4 26. dxe4
Re8 27. e5 Kg8 28. Be1 d3 29. Rxc2 dxc2 30. Rc1 Rxe5 31. Bc3 Rxg5 32. Rxc2
Rc5 33. Rc1 Ne5 34. Bd2 Rxc1+ 35. Bxc1 g5 36. h4 h6 37. hxg5 hxg5 38. g3
Nd3 39. Bd2 Kf7 40. Kg2 Ke6 41. gxf4 gxf4 42. Kf3 Kf5 43. Bc3 Ne5+ 44. Kf2
Ke4 45. Bd2 Nd3+ 46. Kf1 Nb4 47. a3 Nc2 48. b4 a4 49. Bc1 b5 50. Kf2 Ne3
51. Bd2 Nd5 52. Ke2 Nb6 53. Bc1 Nc4 54. Kf2 Kd3 0-1

[Event "Bunratty Masters 2013"]
[Site "Bunratty IRL"]
[Date "2013.03.03"]
[Round "6"]
[White "Gonzalez Gonzalez, Alfonso"]
[Black "Menzies, Colin"]
[Result "1-0"]
[WhiteElo "2117"]
[BlackElo "2128"]
[WhiteNationality "ESP"]
[BlackNationality "IRL"]
[WhiteFideId "2223007"]
[BlackFideId "2502755"]
[PlyCount "59"]
[Venue "Bunratty Castle Hotel, Bunratty, Co. Clare"]
[EventDate "2013.03.01"]
[WhiteFullName "Gonz&aacute;lez Gonz&aacute;lez, Alfonso"]

{ Event information: <a
href="https://www.irlchess.com/bunratty2013_allfiles/pairings_bunratty2013.html">Tournament
report</a>. }

1. e4 c5 2. Nf3 Nf6 3. Nc3 d5 4. e5 Ne4 5. Bd3 Nxc3 6. dxc3 Bg4 7. h3 Bh5
8. e6 fxe6 9. g4 Bf7 10. Bb5+ Nc6 11. Ne5 Qb6 12. Bxc6+ bxc6 13. O-O g6 14.
Qf3 Bg8 15. b4 Bg7 16. Bf4 Bf7 17. bxc5 Qa6 18. Nxf7 O-O 19. Ng5 e5 20. Ne6
Rxf4 21. Nxf4 exf4 22. Qxf4 e5 23. Qb4 Rf8 24. c4 h5 25. cxd5 hxg4 26. d6
Kh7 27. d7 e4 28. Rad1 gxh3 29. Qxe4 Bf6 30. Rd6 1-0

[Event "Bunratty Masters 2013"]
[Site "Bunratty IRL"]
[Date "2013.03.03"]
[Round "6"]
[White "Lyons, Brendan"]
[Black "Pearson, Ray"]
[Result "1/2-1/2"]
[WhiteElo "2007"]
[BlackElo "1926"]
[WhiteICU "1929"]
[WhiteClub "St. Benildus"]
[WhiteNationality "IRL"]
[BlackNationality "WLS"]
[WhiteFideId "2500698"]
[BlackFideId "1803018"]
[WhiteICUId "817"]
[PlyCount "81"]
[Venue "Bunratty Castle Hotel, Bunratty, Co. Clare"]
[EventDate "2013.03.01"]

{ Event information: <a
href="https://www.irlchess.com/bunratty2013_allfiles/pairings_bunratty2013.html">Tournament
report</a>. }

1. Nf3 Nf6 2. g3 g6 3. Bg2 Bg7 4. d3 O-O 5. e4 d5 6. e5 Ng4 7. Bf4 f6 8. d4
fxe5 9. dxe5 c6 10. Qd2 Nd7 11. Qe2 Qb6 12. c3 Ndxe5 13. O-O Nxf3+ 14. Bxf3
Nf6 15. Be3 Qd8 16. Bd4 Bf5 17. Nd2 Qd7 18. Bg2 b6 19. b4 Rae8 20. a4 Bh3
21. Nf3 Bxg2 22. Kxg2 Ne4 23. Bxg7 Kxg7 24. c4 e5 25. b5 cxb5 26. axb5 Re7
27. Rfe1 Ref7 28. Ra3 Qe7 29. Re3 dxc4 30. Rxe4 Rxf3 31. Qxc4 Rxf2+ 32. Kg1
Qc5 33. Qxc5 bxc5 34. Rxe5 Rc2 35. Re7+ Rf7 36. Rxf7+ Kxf7 37. Ra1 Rb2 38.
Rxa7+ Kg8 39. Rb7 c4 40. Rc7 Rxb5 41. Rxc4 1/2-1/2

[Event "Bunratty Masters 2013"]
[Site "Bunratty IRL"]
[Date "2013.03.03"]
[Round "6"]
[White "Moran, Stephen"]
[Black "Wolferink, Frans"]
[Result "0-1"]
[WhiteElo "2019"]
[BlackElo "2077"]
[WhiteICU "1970"]
[WhiteClub "T.C.D."]
[WhiteNationality "IRL"]
[BlackNationality "NED"]
[WhiteFideId "2501872"]
[BlackFideId "1003917"]
[WhiteICUId "5388"]
[PlyCount "98"]
[Venue "Bunratty Castle Hotel, Bunratty, Co. Clare"]
[EventDate "2013.03.01"]

{ Event information: <a
href="https://www.irlchess.com/bunratty2013_allfiles/pairings_bunratty2013.html">Tournament
report</a>. }

1. d4 g6 2. c4 Nf6 3. Nc3 d5 4. cxd5 Nxd5 5. Nf3 Bg7 6. g3 c5 7. Bg2 O-O 8.
O-O Nc6 9. Nxd5 Qxd5 10. Be3 Qh5 11. dxc5 Bxb2 12. Rb1 Bf6 13. Rb5 Rd8 14.
Qa4 a5 15. Rd1 Rxd1+ 16. Qxd1 Qg4 17. h3 Qc4 18. Rb6 Kg7 19. a3 a4 20. Ng5
Bxg5 21. Bxg5 Qxc5 22. Qa1+ Nd4 23. Be3 e5 24. Rb4 Nxe2+ 25. Kh2 Qc3 26.
Qxc3 Nxc3 27. Bf3 Be6 28. Rxb7 Bd5 29. Bxd5 Nxd5 30. Bc5 Kf6 31. Kg2 Ke6
32. Kf3 Rc8 33. Rb5 Rc6 34. Ra5 f5 35. Kg2 f4 36. Kf3 fxg3 37. Kxg3 e4 38.
Kg4 h6 39. h4 Nc3 40. Bb4 Nd1 41. Kg3 Rc2 42. h5 gxh5 43. Rxh5 Rxf2 44.
Rxh6+ Ke5 45. Rh5+ Rf5 46. Rxf5+ Kxf5 47. Kg2 Kf4 48. Kf1 Ke3 49. Ke1 Nb2
0-1

[Event "Bunratty Masters 2013"]
[Site "Bunratty IRL"]
[Date "2013.03.03"]
[Round "6"]
[White "Moynihan, Kieran"]
[Black "Murchadha, Oissine"]
[Result "1/2-1/2"]
[WhiteElo "2179"]
[BlackElo "1855"]
[WhiteICU "2107"]
[BlackICU "1935"]
[WhiteClub "C.C.Y.M.S."]
[BlackClub "Galway"]
[WhiteNationality "IRL"]
[BlackNationality "IRL"]
[WhiteFideId "2500663"]
[BlackFideId "2503603"]
[WhiteICUId "929"]
[BlackICUId "6722"]
[PlyCount "25"]
[Venue "Bunratty Castle Hotel, Bunratty, Co. Clare"]
[EventDate "2013.03.01"]

{ Event information: <a
href="https://www.irlchess.com/bunratty2013_allfiles/pairings_bunratty2013.html">Tournament
report</a>. }

1. d4 f5 2. h3 d5 3. Bf4 Nf6 4. e3 e6 5. Bd3 c5 6. c3 Nc6 7. Nd2 Be7 8.
Ngf3 c4 9. Bc2 b5 10. Ne5 Nxe5 11. Bxe5 b4 12. Bxf6 Bxf6 13. cxb4 1/2-1/2

[Event "Bunratty Masters 2013"]
[Site "Bunratty IRL"]
[Date "2013.03.03"]
[Round "6"]
[White "Murray, David B."]
[Black "Bourached, Anthony"]
[Result "0-1"]
[WhiteElo "2141"]
[BlackElo "1858"]
[WhiteICU "2083"]
[BlackICU "1903"]
[WhiteClub "Gonzaga"]
[BlackClub "T.C.D."]
[WhiteNationality "IRL"]
[BlackNationality "IRL"]
[WhiteFideId "2501511"]
[BlackFideId "2504456"]
[WhiteICUId "4941"]
[BlackICUId "12061"]
[PlyCount "62"]
[Venue "Bunratty Castle Hotel, Bunratty, Co. Clare"]
[EventDate "2013.03.01"]

{ Event information: <a
href="https://www.irlchess.com/bunratty2013_allfiles/pairings_bunratty2013.html">Tournament
report</a>. }

1. e4 c5 2. Nf3 d6 3. d4 cxd4 4. Nxd4 Nf6 5. Nc3 g6 6. Be3 Bg7 7. f3 Nc6 8.
Qd2 O-O 9. Bc4 Bd7 10. O-O-O Rc8 11. Bb3 Ne5 12. g4 b5 13. h4 b4 14. Nce2
a5 15. g5 Nh5 16. f4 Ng4 17. Bg1 a4 18. Bd5 e6 19. Bb7 Rc7 20. Ba6 Qa8 21.
Bd3 b3 22. a3 bxc2 23. Bxc2 Qxe4 24. Rh3 e5 25. Kb1 Qb7 26. f5 exd4 27. f6
Ngxf6 28. gxf6 Nxf6 29. Rg3 Ne4 30. Bxe4 Qxe4+ 31. Ka1 Rc2 0-1

[Event "Bunratty Masters 2013"]
[Site "Bunratty IRL"]
[Date "2013.03.03"]
[Round "6"]
[White "O'Connor, Jonathan"]
[Black "Rawlinson, Aidan"]
[Result "1-0"]
[WhiteElo "2124"]
[BlackElo "2171"]
[WhiteICU "2088"]
[WhiteClub "Dublin"]
[WhiteNationality "IRL"]
[BlackNationality "ENG"]
[WhiteFideId "2501112"]
[BlackFideId "413496"]
[WhiteICUId "1243"]
[PlyCount "95"]
[Venue "Bunratty Castle Hotel, Bunratty, Co. Clare"]
[EventDate "2013.03.01"]

{ Event information: <a
href="https://www.irlchess.com/bunratty2013_allfiles/pairings_bunratty2013.html">Tournament
report</a>. }

1. d4 g6 2. e4 Bg7 3. Nf3 d6 4. Bc4 Nf6 5. Qe2 O-O 6. h3 c5 7. e5 Ne8 8. c3
cxd4 9. cxd4 Nc7 10. O-O Nc6 11. Rd1 Rb8 12. Nc3 d5 13. Bb3 b5 14. Be3 Na5
15. Bc2 Ba6 16. Bd3 Rb6 17. b3 Qd7 18. Qd2 Nc6 19. Rac1 Rc8 20. Ne2 b4 21.
Nf4 Nb5 22. Bxb5 Bxb5 23. Rc5 e6 24. Rdc1 Bf8 25. R5c2 a5 26. h4 Rbb8 27.
Nh2 Be7 28. Ng4 Bxh4 29. g3 Be7 30. Kg2 h5 31. Nxh5 gxh5 32. Rh1 hxg4 33.
Bg5 f5 34. exf6 Rf8 35. Rh6 Bxf6 36. Bxf6 Rxf6 37. Rxf6 Qg7 38. Qf4 Rf8 39.
Rxf8+ Qxf8 40. Qxg4+ Kf7 41. Rc5 Qb8 42. Rc1 Ke7 43. Re1 Qd6 44. Qg7+ Kd8
45. Qb7 Qb8 46. Qf7 Qc7 47. Qg8+ Kd7 48. Qxe6+ 1-0

[Event "Bunratty Masters 2013"]
[Site "Bunratty IRL"]
[Date "2013.03.03"]
[Round "6"]
[White "O'Donnell, Conor"]
[Black "Keogh, Eamon"]
[Result "1/2-1/2"]
[BlackTitle "NM"]
[WhiteElo "1970"]
[BlackElo "1995"]
[WhiteICU "2065"]
[BlackICU "1873"]
[WhiteClub "Gonzaga"]
[BlackClub "Kilkenny"]
[WhiteNationality "IRL"]
[BlackNationality "IRL"]
[WhiteFideId "2504243"]
[BlackFideId "2500264"]
[WhiteICUId "10792"]
[BlackICUId "731"]
[PlyCount "84"]
[Venue "Bunratty Castle Hotel, Bunratty, Co. Clare"]
[EventDate "2013.03.01"]

{ Event information: <a
href="https://www.irlchess.com/bunratty2013_allfiles/pairings_bunratty2013.html">Tournament
report</a>. }

1. e4 c6 2. d4 d5 3. exd5 cxd5 4. Bd3 Nc6 5. c3 Nf6 6. Bf4 Bg4 7. Qb3 Qd7
8. Nd2 Nh5 9. Bg3 Nxg3 10. hxg3 O-O-O 11. Ngf3 Bf5 12. Bb5 Qe6+ 13. Kf1 f6
14. Nh4 g5 15. Re1 Qd7 16. Nxf5 Qxf5 17. Qa4 Qd7 18. Nb3 Qc7 19. Nc5 Rd6
20. Ne6 Qb6 21. Nxf8 Rxf8 22. Bxc6 Rxc6 23. Rxe7 Qxb2 24. Qxa7 Qb1+ 25. Re1
Qb5+ 26. Kg1 Ra6 27. Qc5+ Qxc5 28. dxc5 Rf7 29. Re8+ Kd7 30. Rh8 Rxa2 31.
R1xh7 Rxh7 32. Rxh7+ Kc6 33. Rf7 Ra1+ 34. Kh2 Rc1 35. Rxf6+ Kxc5 36. f4 g4
37. Rg6 Rxc3 38. Rxg4 d4 39. f5 d3 40. f6 Kd6 41. Rf4 Rc8 42. Rd4+ Ke6
1/2-1/2

[Event "Bunratty Masters 2013"]
[Site "Bunratty IRL"]
[Date "2013.03.03"]
[Round "6"]
[White "Pein, Malcolm"]
[Black "Short, Philip"]
[Result "1/2-1/2"]
[WhiteTitle "IM"]
[BlackTitle "FM"]
[WhiteElo "2378"]
[BlackElo "2260"]
[WhiteNationality "ENG"]
[BlackNationality "IRL"]
[WhiteFideId "400289"]
[BlackFideId "2500086"]
[PlyCount "59"]
[Venue "Bunratty Castle Hotel, Bunratty, Co. Clare"]
[EventDate "2013.03.01"]

{ Event information: <a
href="https://www.irlchess.com/bunratty2013_allfiles/pairings_bunratty2013.html">Tournament
report</a>. }

1. c4 Nf6 2. d4 e6 3. Nc3 Bb4 4. e3 c5 5. Bd3 Nc6 6. Ne2 cxd4 7. exd4 d5 8.
O-O dxc4 9. Bxc4 O-O 10. Bg5 Be7 11. a3 Nd5 12. Be3 Bd6 13. Bxd5 exd5 14.
Bf4 Be6 15. Qd2 Na5 16. Bxd6 Qxd6 17. Qf4 Qd7 18. Nc1 f6 19. Nd3 b6 20.
Rae1 Nc4 21. Re2 Rfe8 22. Rfe1 Rac8 23. Qg3 Bf7 24. h4 Rxe2 25. Nxe2 Re8
26. f3 Bg6 27. Nef4 Bxd3 28. Nxd3 Rxe1+ 29. Qxe1 Kf7 30. g4 1/2-1/2

[Event "Bunratty Masters 2013"]
[Site "Bunratty IRL"]
[Date "2013.03.03"]
[Round "6"]
[White "Thee, Bernd"]
[Black "Fehr, Jukka"]
[Result "0-1"]
[WhiteElo "2096"]
[BlackElo "1973"]
[WhiteICU "1763"]
[WhiteClub "Adare"]
[WhiteNationality "IRL"]
[BlackNationality "FIN"]
[WhiteFideId "2505630"]
[BlackFideId "4674693"]
[WhiteICUId "2823"]
[PlyCount "124"]
[Venue "Bunratty Castle Hotel, Bunratty, Co. Clare"]
[EventDate "2013.03.01"]

{ Event information: <a
href="https://www.irlchess.com/bunratty2013_allfiles/pairings_bunratty2013.html">Tournament
report</a>. }

1. e4 e6 2. d4 d5 3. e5 c5 4. Nf3 Nc6 5. Bd3 Bd7 6. O-O Qb6 7. Re1 cxd4 8.
Nbd2 Nb4 9. Nb3 Rc8 10. Nfxd4 Nxd3 11. Qxd3 a6 12. Qg3 g6 13. Be3 Qc7 14.
Bd2 Bg7 15. Bb4 Nh6 16. Bd6 Qd8 17. Nc5 Rc7 18. Bxc7 Qxc7 19. Nxd7 Qxd7 20.
Rad1 O-O 21. Qf4 Rc8 22. b3 Rc3 23. Re3 Qc7 24. Rde1 Qc5 25. Rxc3 Qxc3 26.
Nf3 Nf5 27. Qd2 Qc5 28. c3 Bh6 29. Qd3 Qa5 30. a4 b5 31. axb5 axb5 32. Nd4
Nxd4 33. Qxd4 Qa2 34. Qd3 Qxb3 35. Rb1 Qc4 36. Qxc4 bxc4 37. Rb2 Bc1 38.
Re2 Kg7 39. g3 g5 40. Rc2 Ba3 41. f4 h6 42. Kg2 Kg6 43. Kf3 Bc5 44. g4 Bb6
45. Ra2 gxf4 46. h4 Be3 47. Ra8 Bd2 48. Ra3 Be1 49. h5+ Kg5 50. Ra8 Bxc3
51. Rg8+ Kh4 52. Kxf4 Bb2 53. Rf8 c3 54. Rc8 Bc1+ 55. Kf3 d4 56. Ke4 Be3
57. Kd3 Kxg4 58. Rf8 Kf5 59. Rxf7+ Kxe5 60. Re7 Kf6 61. Rc7 e5 62. Ke4 Bf4
0-1

[Event "Bunratty Masters 2013"]
[Site "Bunratty IRL"]
[Date "2013.03.03"]
[Round "6"]
[White "Van der Zwet, Bart"]
[Black "Rendle, Thomas"]
[Result "1/2-1/2"]
[BlackTitle "IM"]
[WhiteElo "2085"]
[BlackElo "2374"]
[WhiteNationality "NED"]
[BlackNationality "ENG"]
[WhiteFideId "1004204"]
[BlackFideId "408760"]
[PlyCount "62"]
[Venue "Bunratty Castle Hotel, Bunratty, Co. Clare"]
[EventDate "2013.03.01"]
[WhiteFullName "van der Zwet, Bart"]

{ Event information: <a
href="https://www.irlchess.com/bunratty2013_allfiles/pairings_bunratty2013.html">Tournament
report</a>. }

1. c4 f5 2. Nc3 Nf6 3. Nf3 d6 4. d4 g6 5. Qc2 Bg7 6. g3 O-O 7. Bg2 Nc6 8.
d5 Ne5 9. b3 Nh5 10. h3 Rb8 11. a4 c5 12. Ra2 a6 13. Bd2 Bd7 14. Ng5 Qc8
15. f4 Nf7 16. Nxf7 Rxf7 17. Kf2 Qf8 18. Bf3 Nf6 19. Kg2 Ne8 20. g4 Nc7 21.
g5 e5 22. e3 h5 23. h4 Re7 24. Re1 Rbe8 25. Qc1 Bh8 26. Kf1 Qg7 27. Ne2 b6
28. fxe5 Qxe5 29. Nf4 Qg7 30. Kf2 Qf7 31. b4 Rb8 1/2-1/2

[Event "Bunratty Masters 2013"]
[Site "Bunratty IRL"]
[Date "2013.03.03"]
[Round "6"]
[White "Wells, Peter K."]
[Black "Aguera Naredo, Javier"]
[Result "1-0"]
[WhiteTitle "GM"]
[BlackTitle "FM"]
[WhiteElo "2491"]
[BlackElo "2390"]
[WhiteNationality "ENG"]
[BlackNationality "ESP"]
[WhiteFideId "400327"]
[BlackFideId "2204169"]
[PlyCount "47"]
[Venue "Bunratty Castle Hotel, Bunratty, Co. Clare"]
[EventDate "2013.03.01"]
[BlackFullName "Ag&uuml;era Naredo, Javier"]

{ Event information: <a
href="https://www.irlchess.com/bunratty2013_allfiles/pairings_bunratty2013.html">Tournament
report</a>. }

1. d4 d6 2. c4 e5 3. Nc3 exd4 4. Qxd4 Nf6 5. b3 Be6 6. e4 Be7 7. Bb2 Nc6 8.
Qd2 O-O 9. f4 Re8 10. Bd3 Nb4 11. Nf3 c6 12. O-O d5 13. cxd5 cxd5 14. e5
Qb6+ 15. Kh1 Ng4 16. f5 Nxd3 17. Qxd3 Nf2+ 18. Rxf2 Qxf2 19. fxe6 Qxb2 20.
exf7+ Kxf7 21. Rb1 Qa3 22. Qxd5+ Kf8 23. Rf1 Qa6 24. Nb5 1-0